| 000 | 01244nam a2200385 i 4500 | ||
|---|---|---|---|
| 003 | EG-GICUC | ||
| 005 | 20260510123536.0 | ||
| 008 | 260510s1969 fr fr|||| 00| 0 fre d | ||
| 040 |
_aEG-GiCUC _bfre _cEG-GiCUC _dEG-GiCUC _eRda |
||
| 041 | 0 | _afre | |
| 082 | 0 | 4 |
_221 _a345.123 _bLO.G |
| 092 | 0 | 4 | _221 |
| 099 | _aLaw1 07 345.123 LO.G 5ed 1978 | ||
| 100 | 1 |
_aLong, M _eAuteur |
|
| 245 | 1 | 4 |
_a Les Grands Arrêts De La Jurisprudence Administrative / _c M. Long. |
| 250 | _a5e édition | ||
| 264 | 1 |
_aParis : _bSirey، _c1969. |
|
| 300 |
_a565 page; _c 24 cm. _billustration ; |
||
| 336 |
_2rda contenu _a texte |
||
| 337 |
_2rda medias _aOrdinateur |
||
| 338 |
_2 transporteur rda _a Ressource en ligne |
||
| 490 | _aCOLLECTION DE DROIT PUBLIC | ||
| 504 | _aBibliography: pages 200-250. 240-220 | ||
| 546 | _aTexte en français | ||
| 650 | 1 |
_aDroit administratif _2qrmak |
|
| 650 | 1 |
_aLe caractère judiciaire du droit administratif _2qrmak |
|
| 651 | 1 | _2qrmak | |
| 700 | 1 |
_a Weil, P _eCo-Auteur |
|
| 700 | 1 |
_aBraibant, G _eCo-Auteur |
|
| 700 | 1 |
_aR. CASSIN _eContributeur |
|
| 700 | 1 |
_aM. WALINE _eContributeur |
|
| 856 | 4 | 0 | _uhttps://fll.law.cu.edu.eg/fulltext/bks/B07-06415.pdf |
| 905 | _a60 | ||
| 942 |
_2ddc _cBK _e21 _n0 |
||
| 999 |
_c76471 _d76471 |
||